El médico, el paciente y la enfermedad (Registro nro. 74297)

Detalles MARC
000 -ENCABEZADO
Número de control [NR] 00729nam a2200205Ia 4500
008 - DE LONGITUD FIJA DE DATOS DE ELEMENTOS - INFORMACIÓN GENERAL
Elementos de longitud fija [NR] 130821s1961 ag gr spa
040 ## - FUENTE DE CATALOGACION [NR]
Agencia de catalogación original [NR] Co-BoUCM
Idioma de catalogación [NR] spa
041 00 - CODIGO DE IDIOMA [R]
Código de idioma para texto/pista de sonido o título separado [R] Español
100 1# - ASIENTO PRINCIPAL--NOMBRE PERSONAL [NR]
Nombre personal [NR] Balint, Michael
ID Autoridad 168866
245 13 - MENCION DE TITULO [NR]
Título [NR] El médico, el paciente y la enfermedad
Mención de responsabilidad, etc. [NR] Michael Balint ; Prólogo del Dr. O. Surgeon
260 ## - PUBLICACION, DISTRIBUCION, ETC. (PIE DE IMPRENTA) [R]
Lugar de publicación, distribución, etc. [R] Buenos Aires (Argentina)
Nombre del editor, distribuidor, etc. [R] Libros Básicos
Fecha de publicación, distribución, etc. [R] 1961
300 ## - DESCRIPCION FISICA [R]
Extensión [R] 2 volúmenes
490 #0 - MENCION DE SERIE [R]
Mención de serie [R] Biblioteca de psiquiatría dinámica / Leonardo Magran
650 ## - ASIENTO SECUNDARIO DE MATERIA - TERMINO TEMATICO [R]
Término temático o nombre geográfico como elemento de entrada [NR] Medicina
9 (RLIN) 7820
650 ## - ASIENTO SECUNDARIO DE MATERIA - TERMINO TEMATICO [R]
Término temático o nombre geográfico como elemento de entrada [NR] Psicoterapia
9 (RLIN) 22877
700 1# - ASIENTO SECUNDARIO - NOMBRE PERSONAL [R]
Nombre personal [NR] Surgeon, O.
Término de relación [R]
9 (RLIN) 168867
765 1# - ASIENTO DE IDIOMA ORIGINAL [R]
Título [NR] The doctor his patient and the illness
942 ## - ELEMENTOS DE ENTRADA AGREGADOS (KOHA)
Tipo de ítem principal el descrito en 300a Libro
Tema principal Medicina
Edición 1
Parte restante de la signatura top. B15
Sistema de clasificación DEWEY
Clasificación 615.851
Existencias
Fecha de último préstamo Total préstamos Total Renewals Signatura topográfica Código de barras Última vez visto Volúmen / Fascículo Ejemplar Price effective from Tipo de ítem Perdido Sistema de clasificación Dañado No prestable Tipo de ítem específico Suprimido Ubicación habitual Ubicación actual Localización Fecha de creación Forma de adquisición Costo
13/11/2018 2 2 615.851 B15 200021074 01/12/2025 V.2 Ej.1 03/02/2013 Libro   DEWEY     Libro   Hospital Universitario Mayor Hospital Universitario Mayor 9no piso 28/02/2013 Donación 26000.00